000 00272nam a2200109Ia 4500
008 190216s9999||||xx |||||||||||||| ||und||
100 _aHalf Fisher
245 4 _aThe Constitutional History Of England
260 _bVikas Publishing House
650 _aHistory
942 _cBK
999 _c19372
_d19372